Информационные системы и технологии АПК и ПГС (Запись № 13717616)

Подробности
000 -МАРКЕР
контрольное поле 02860nam0a2200409 4500
001 - ИДЕНТИФИКАТОР ЗАПИСИ
контрольное поле RU\NLR\BIBL_A\022754676
005 - ИДЕНТИФИКАТОР ВЕРСИИ
контрольное поле 20260531100108.0
010 ## - МЕЖДУНАРОДНЫЙ СТАНДАРТНЫЙ НОМЕР КНИГИ (ISBN)
Номер (ISBN) 978-5-00261-544-5
Тираж 100
021 ## - НОМЕР ГОСУДАРСТВЕННОЙ РЕГИСТРАЦИИ
Код страны Российская Федерация
Номер КН-П-26-004459
Номер Листа государственной регистраци КН-П-26-0423
035 ## - ДРУГИЕ СИСТЕМНЫЕ НОМЕРА
Идентификатор записи (NLR Aleph) 022754676
100 ## - ДАННЫЕ ОБЩЕЙ ОБРАБОТКИ
Данные общей обработки 20260316d2025 k y0rusy50 ca
101 0# - ЯЗЫК РЕСУРСА
Язык текста, звукозаписи и т.д. русский
102 ## - СТРАНА ПУБЛИКАЦИИ ИЛИ ПРОИЗВОДСТВА
Страна публикации Российская Федерация
105 ## - ПОЛЕ КОДИРОВАННЫХ ДАННЫХ: ТЕКСТОВЫЕ МАТЕРИАЛЫ, МОНОГРАФИЧЕСКИЕ
Кодированные данные о монографическом текстовом документе ac z 100yy
181 #0 - ПОЛЕ КОДИРОВАННЫХ ДАННЫХ: ВИД СОДЕРЖАНИЯ
Код вида содержания (ISBD) i3
Код характеристики содержания (ISBD) axxe
182 #0 - ПОЛЕ КОДИРОВАННЫХ ДАННЫХ: ТИП СРЕДСТВА
Код типа средства (ISBD) n - непосредственное
200 1# - ЗАГЛАВИЕ И СВЕДЕНИЯ ОБ ОТВЕТСТВЕННОСТИ
Основное заглавие Информационные системы и технологии АПК и ПГС
Сведения, относящиеся к заглавию 3-я Международная научно-практическая конференция, 10 октября 2025 года
-- сборник научных статей
Первые сведения об ответственности Курский государственный аграрный университет имени И. И. Иванова, Кафедра физико-математических дисциплин и информатики
203 ## - ВИД СОДЕРЖАНИЯ И ТИП СРЕДСТВА
Вид содержания Текст
Дополнительные сведения об издании визуальный
Тип средства непосредственный
210 ## - ПУБЛИКАЦИЯ, РАСПРОСТРАНЕНИЕ И ДР.
Место издания, распространения и т.д. Курск
Имя издателя, распространителя и т. д. Университетская книга
Дата издания, распространения и т.д. 2025
215 ## - ФИЗИЧЕСКАЯ ХАРАКТЕРИСТИКА
Специфическое обозначение материала и объем 303 с.
Другие сведения о физической характеристике ил., портр.
Размеры 21
300 ## - ОБЩИЕ ПРИМЕЧАНИЯ
Текст примечания На корешке и макете подзаг.: сборник научных статей 3-й Международной научно-практической конференции (10 октября 2025 года)
320 ## - ПРИМЕЧАНИЯ О НАЛИЧИИ В ДОКУМЕНТЕ БИБЛИОГРАФИИ / УКАЗАТЕЛЯ
Текст примечания Библиогр. в конце ст.
606 1# - НАИМЕНОВАНИЕ ТЕМЫ КАК ПРЕДМЕТ
Наименование темы Строительное дело
Формальный подзаголовок Съезды, совещания и т.п
Тематический подзаголовок Информационные технологии
Системный номер авторитетной/нормативной записи 2155503
Идентификатор авторитетной/нормативной записи RU\NLR\AUTH\661297692
606 1# - НАИМЕНОВАНИЕ ТЕМЫ КАК ПРЕДМЕТ
Наименование темы Сельское хозяйство
Формальный подзаголовок Съезды, совещания и т.п
Тематический подзаголовок Механизация
Системный номер авторитетной/нормативной записи 1228736
Идентификатор авторитетной/нормативной записи RU\NLR\AUTH\66182784
606 1# - НАИМЕНОВАНИЕ ТЕМЫ КАК ПРЕДМЕТ
Наименование темы Сельское хозяйство
Формальный подзаголовок Съезды, совещания и т.п
Тематический подзаголовок Электрификация
Системный номер авторитетной/нормативной записи 1349463
Идентификатор авторитетной/нормативной записи RU\NLR\AUTH\66248686
606 1# - НАИМЕНОВАНИЕ ТЕМЫ КАК ПРЕДМЕТ
Наименование темы Сельскохозяйственная энергетика
Формальный подзаголовок Съезды, совещания и т.п
Системный номер авторитетной/нормативной записи 2217404
Идентификатор авторитетной/нормативной записи RU\NLR\AUTH\661331689
686 1# - ИНДЕКСЫ ДРУГИХ КЛАССИФИКАЦИЙ
Индекс Н6-5-05я431
686 1# - ИНДЕКСЫ ДРУГИХ КЛАССИФИКАЦИЙ
Индекс П071я431(0)
686 1# - ИНДЕКСЫ ДРУГИХ КЛАССИФИКАЦИЙ
Индекс П076я431(0)
711 12 - НАИМЕНОВАНИЕ ОРГАНИЗАЦИИ - АЛЬТЕРНАТИВНАЯ ОТВЕТСТВЕННОСТЬ
Начальный элемент ввода "Информационные системы и технологии АПК и ПГС", международная научно-практическая конференция
Порядковый номер временной организации и / или порядковый номер ее части 3
Место проведения временной организации Курск
Дата проведения временной организации 2025
Системный номер авторитетной/нормативной записи 2701993
Идентификатор авторитетной/нормативной записи RU\NLR\AUTH\880640434
712 02 - НАИМЕНОВАНИЕ ОРГАНИЗАЦИИ - ВТОРИЧНАЯ ОТВЕТСТВЕННОСТЬ
Код отношения Прочие
Начальный элемент ввода Курский государственный аграрный университет им. И. И. Иванова
Структурное подразделение Кафедра физико-математических дисциплин и информатики
Системный номер авторитетной/нормативной записи 879024
Идентификатор авторитетной/нормативной записи RU\NLR\AUTH\880607173
942 ## - ДОПОЛНИТЕЛЬНЫЕ ЭЛЕМЕНТЫ ЗАПИСИ (АБИС)
Тип экземпляра АБИС Книга
980 ## - КОЛЛЕКЦИЯ
Название коллекции Национальная библиография

Нет доступных экземпляров.